000
00245nam a22001217a 4500
003
SGT
082
_a
823
_b
CRI
100
_a
CRICHTON MICHAEL
245
_a
JURASSIC PARK
260
_a
U.K
_b
PENGUIN PUB
_c
1991
300
_a
458
942
_2
ddc
_c
BK
999
_c
33625
_d
33625